00523nam1a22001811i 4500001001100000005001700011035002600028100004100054101000800095102000700103105001800110200008800128210005900216215001000275801001800285801002200303852001600325rc\283618120240726073402.0 a(NLR Aleph) 006993932 a20110628g19271929|||y0rusy50 ca0 arus aRU ay z |||||1 aКонспективная серия. Б-4e№ XIII-64, 69, 76, 78-80, 64, 86, 95 aМоскваcГос. техн. изд-воd1927-1929 a8 т. 0aRUbNLRgpsbo 1aRUbELAR2rusmarc aNLRj49/486